000 00345nam a22001457a 4500
008 210302b ||||| |||| 00| 0 eng d
020 _a9780761939962
041 _aeng
080 _a004
082 _a004
100 _a28
101 _aSHKI
245 _aChanging how we teach and learn with handheld computers
_cStaudt, C
942 _2udc
_cBK
999 _c55485
_d55485